| 000 | 00637nam a2200229Ia 4500 | ||
|---|---|---|---|
| 003 | OSt | ||
| 005 | 20221007073249.0 | ||
| 006 | a|||||r|||| 00| 0 | ||
| 007 | ta | ||
| 008 | 221006b |||||||| |||| 00| 0 eng d | ||
| 024 | _a6,702 | ||
| 037 | _cTextual | ||
| 040 |
_aFLL _cFLL _beng |
||
| 041 |
_2eng _aeng |
||
| 082 | _aV2:2:92y7, L4.2;1 | ||
| 100 |
_aMalik Surendra Au. _9685880 |
||
| 245 | 0 | _aSupreme court on constitutional law | |
| 260 |
_aLucknow _bEastern book comp. India _c1974 |
||
| 300 |
_axx,1914p _ccm. |
||
| 942 |
_hV2:2:92y7, L4.2;1 _cTEXL _2CC |
||
| 999 |
_c1148179 _d1148179 |
||